[Event "Bremen-ch op"]
[Site "Bremen"]
[Date "2015.04.02"]
[Round "7"]
[White "Fasmers, Ralf"]
[Black "Dehning Busse, Karsten"]
[Result "0-1"]
[WhiteElo "1787"]
[BlackElo "1796"]
[PlyCount "58"]
[EventDate "2015.03.28"]
[EventType "swiss"]
[EventRounds "9"]
[EventCountry "GER"]
[SourceTitle "EXT 2018"]
[Source "ChessBase"]
[SourceDate "2017.10.13"]
[SourceVersion "1"]
[SourceVersionDate "2017.10.13"]
[SourceQuality "1"]

1. e4 d6 2. Nf3 Nf6 3. Nc3 g6 4. Bc4 Bg7 5. d3 0-0 6. Bd2 c6 7. 0-0 Nbd7 8. Re1 e5 9. h3 b5 10. Bb3 Nc5 11. Be3 Nxb3 12. axb3 a5 13. Ne2 c5 14. Nd2 Bb7 15. f4 exf4 16. Bxf4 Nh5 17. c3 Nxf4 18. Nxf4 Qg5 19. Qf3 Bc6 20. Qe3 Qe7 21. Re2 b4 22. d4 cxd4 23. cxd4 Qf6 24. Nf3 Bh6 25. Nd5 Bxe3+ 26. Rxe3 Bxd5 27. exd5 Rfe8 28. Rae1 Rxe3 29. Rxe3 Rc8 0-1

[Event "Leipzig VfB op 22nd"]
[Site "Leipzig"]
[Date "2015.03.07"]
[Round "7"]
[White "Dehning Busse, Karsten"]
[Black "Keil, Michael"]
[Result "1-0"]
[WhiteElo "1796"]
[BlackElo "1321"]
[PlyCount "85"]
[EventDate "2015.03.03"]
[EventType "swiss"]
[EventRounds "9"]
[EventCountry "GER"]
[SourceTitle "EXT 2016"]
[Source "ChessBase"]
[SourceDate "2015.10.08"]
[SourceVersion "1"]
[SourceVersionDate "2015.10.08"]
[SourceQuality "1"]

1. d4 Nf6 2. Nc3 g6 3. e4 d6 4. Nf3 Bg7 5. Be2 0-0 6. 0-0 a6 7. a4 b6 8. Re1 Nbd7 9. h3 Bb7 10. Bf1 Re8 11. e5 Nd5 12. Bc4 Nxc3 13. bxc3 d5 14. Bd3 e6 15. Bg5 Qc8 16. Qd2 c5 17. Bh6 Bh8 18. h4 c4 19. Bf1 f6 20. exf6 Nxf6 21. Ne5 Nh5 22. Be2 Ng7 23. h5 Nf5 24. hxg6 Bxe5 25. dxe5 hxg6 26. Bg5 Qc7 27. Bg4 Qf7 28. Bf6 Qh7 29. Bxf5 gxf5 30. Re3 Kf7 31. Rh3 Qg6 32. Rg3 Qh5 33. Rg7+ Kf8 34. Rxb7 b5 35. Qg5 Qxg5 36. Bxg5 bxa4 37. Rxa4 Rec8 38. g3 Rc6 39. Be3 Ke8 40. Rh7 Rd8 41. Rb4 Rd7 42. Rb8+ Rd8 43. Rh8+ 1-0

[Event "Leipzig VfB op 22nd"]
[Site "Leipzig"]
[Date "2015.03.05"]
[Round "4"]
[White "Dehning Busse, Karsten"]
[Black "Gross, Reinhard"]
[Result "0-1"]
[WhiteElo "1796"]
[BlackElo "1733"]
[PlyCount "146"]
[EventDate "2015.03.03"]
[EventType "swiss"]
[EventRounds "9"]
[EventCountry "GER"]
[SourceTitle "EXT 2016"]
[Source "ChessBase"]
[SourceDate "2015.10.08"]
[SourceVersion "1"]
[SourceVersionDate "2015.10.08"]
[SourceQuality "1"]

1. d4 d5 2. Nc3 c6 3. Bg5 Nd7 4. Nf3 Ngf6 5. e3 g6 6. Bd3 Bg7 7. 0-0 0-0 8. Rb1 Re8 9. Ne5 Nxe5 10. dxe5 Nd7 11. e6 fxe6 12. Qd2 Nf6 13. Be2 e5 14. Kh1 Bf5 15. f3 d4 16. Bc4+ Kh8 17. Bxf6 exf6 18. Ne4 Bxe4 19. fxe4 Bh6 20. Qe2 Bxe3 21. Qf3 Rf8 22. Rbd1 Qe7 23. a3 Rad8 24. Bb3 Qd7 25. Qe2 Qe7 26. Qf3 a6 27. Qe2 b5 28. a4 Qb7 29. axb5 axb5 30. c3 Qe7 31. Ra1 Qc5 32. cxd4 Bxd4 33. Be6 Qb4 34. Rab1 Bb6 35. Ra1 Bd4 36. Rab1 Qe7 37. Bb3 Bb6 38. Rbd1 Bd4 39. Rb1 Kg7 40. g4 Qb4 41. Qc2 Rd6 42. Rfd1 Rfd8 43. h4 Qc5 44. Qe2 Bf2 45. Kg2 Bxh4 46. Rxd6 Rxd6 47. Rd1 Bg5 48. Rxd6 Qxd6 49. Bc2 Qd2 50. Qxd2 Bxd2 51. Bd3 Kf7 52. b3 Ke6 53. Kf3 Kd6 54. Ke2 Bf4 55. Bc2 Kc5 56. Kd3 h5 57. gxh5 gxh5 58. Bd1 h4 59. Bg4 Kb4 60. Kc2 c5 61. Be6 c4 62. bxc4 bxc4 63. Bh3 c3 64. Be6 Bd2 65. Kd3 Kc5 66. Bg4 Kd6 67. Bf5 Ke7 68. Bh3 Kf7 69. Bf5 Kg7 70. Bh3 Kh6 71. Bf5 Kg5 72. Bh3 Kf4 73. Bf5 Kg3 0-1

[Event "Bremen-ch op"]
[Site "Bremen"]
[Date "2014.04.14"]
[Round "1"]
[White "Dehning Busse, Karsten"]
[Black "Rast, Matthias"]
[Result "1/2-1/2"]
[WhiteElo "1822"]
[BlackElo "1125"]
[PlyCount "92"]
[EventDate "2014.04.14"]
[EventType "swiss"]
[EventRounds "9"]
[EventCountry "GER"]
[SourceTitle "EXT 2018"]
[Source "ChessBase"]
[SourceDate "2017.10.13"]
[SourceVersion "1"]
[SourceVersionDate "2017.10.13"]
[SourceQuality "1"]

1. d4 d5 2. Nc3 c6 3. Bg5 Nd7 4. Nf3 Ngf6 5. e3 Qa5 6. Bxf6 Nxf6 7. Bd3 Bg4 8. h3 Bxf3 9. Qxf3 e6 10. 0-0 Bb4 11. Nb1 Be7 12. c3 0-0 13. Nd2 Rfd8 14. Qe2 c5 15. f4 c4 16. Bc2 Qc7 17. Nf3 Bd6 18. Ne5 Bxe5 19. fxe5 Nd7 20. Qh5 Nf8 21. Rf2 Rd7 22. Raf1 b6 23. Qg4 Rb8 24. h4 Rb7 25. h5 h6 26. e4 dxe4 27. Bxe4 Rb8 28. Rf3 Nh7 29. Bxh7+ Kxh7 30. Qe4+ Kg8 31. Qe3 Kh7 32. R1f2 Re8 33. g4 Rf8 34. g5 hxg5 35. Qxg5 Qb7 36. Rg3 Rg8 37. Qe3 Qa8 38. Rfg2 Qd8 39. Qe4+ Kh8 40. Qg4 Qf8 41. Qe4 Qc8 42. Qf4 Qd8 43. Rg5 Qf8 44. R2g4 Qe7 45. Qf3 Rd5 46. Qg3 Qf8 1/2-1/2

[Event "Leipzig VfB op 16th"]
[Site "Leipzig"]
[Date "2009.04.05"]
[Round "9"]
[White "Dehning Busse, Karsten"]
[Black "Langer, Wolfgang2222"]
[Result "1-0"]
[WhiteElo "1850"]
[BlackElo "1958"]
[PlyCount "43"]
[EventDate "2009.03.31"]
[EventType "swiss"]
[EventRounds "9"]
[EventCountry "GER"]
[SourceTitle "EXT 2010"]
[Source "ChessBase"]
[SourceDate "2010.11.25"]
[SourceVersion "1"]
[SourceVersionDate "2010.11.25"]
[SourceQuality "1"]

1. d4 Nf6 2. Nc3 g6 3. e4 d6 4. Nf3 Bg7 5. Be2 c6 6. a4 0-0 7. 0-0 Nbd7 8. h3 e5 9. dxe5 dxe5 10. Qd6 Re8 11. Be3 Qa5 12. b4 Qd8 13. Rab1 a5 14. b5 Bf8 15. Qd2 Qc7 16. Qd3 Nc5 17. Bxc5 Bxc5 18. Rfd1 Be6 19. Ng5 h6 20. Nxe6 Rxe6 21. Qg3 Bd4 22. Rxd4 1-0

[Event "Leipzig VfB op 16th"]
[Site "Leipzig"]
[Date "2009.03.31"]
[Round "1"]
[White "Schultz, Andreas"]
[Black "Dehning Busse, Karsten"]
[Result "1-0"]
[WhiteElo "2250"]
[BlackElo "1850"]
[PlyCount "95"]
[EventDate "2009.03.31"]
[EventType "swiss"]
[EventRounds "9"]
[EventCountry "GER"]
[SourceTitle "EXT 2010"]
[Source "ChessBase"]
[SourceDate "2010.11.25"]
[SourceVersion "1"]
[SourceVersionDate "2010.11.25"]
[SourceQuality "1"]

1. d4 d6 2. c4 Nf6 3. Nc3 g6 4. e4 Bg7 5. Be2 Nbd7 6. Nf3 0-0 7. 0-0 e5 8. Be3 c6 9. d5 c5 10. Ne1 Kh8 11. Nd3 Ng8 12. f4 exf4 13. Bxf4 Qe7 14. Qd2 Ne5 15. Nxe5 Bxe5 16. Bxe5+ Qxe5 17. Qf4 Qxf4 18. Rxf4 Bd7 19. Raf1 Kg7 20. h3 Rae8 21. Bd3 f6 22. R4f2 Re5 23. Bc2 Ree8 24. Kh2 Re7 25. Bd1 Ree8 26. Kg3 Re5 27. Bc2 Rg5+ 28. Kh2 Re5 29. Bd3 Rf7 30. Nb1 Rf8 31. Nd2 Re7 32. g4 Ree8 33. Kg3 g5 34. b3 Ne7 35. e5 fxe5 36. Ne4 Rxf2 37. Rxf2 Ng6 38. Nxd6 Re7 39. Bxg6 Kxg6 40. Nxb7 Bxg4 41. Nxc5 Bf5 42. d6 Rg7 43. Rxf5 Kxf5 44. d7 Rg8 45. Nb7 Ke4 46. d8Q Rxd8 47. Nxd8 Kd3 48. Nf7 1-0

[Event "Leipzig VfB op 14th"]
[Site "Leipzig"]
[Date "2007.03.23"]
[Round "6"]
[White "Ziese, Gerhard"]
[Black "Dehning Busse, Karsten"]
[Result "0-1"]
[WhiteElo "2068"]
[BlackElo "1854"]
[PlyCount "118"]
[EventDate "2007.03.20"]
[EventType "swiss"]
[EventRounds "9"]
[EventCountry "GER"]
[SourceTitle "EXT 2008"]
[Source "ChessBase"]
[SourceDate "2007.11.25"]
[SourceVersion "1"]
[SourceVersionDate "2007.11.25"]
[SourceQuality "1"]

1. e4 d6 2. d4 Nf6 3. Nc3 g6 4. f4 Bg7 5. Nf3 0-0 6. Be2 c5 7. 0-0 cxd4 8. Nxd4 Nc6 9. Nxc6 bxc6 10. Be3 a5 11. Bf3 Nd7 12. Qd2 Qc7 13. Rad1 Nb6 14. b3 Bb7 15. Nb1 d5 16. Qf2 Nd7 17. exd5 cxd5 18. Bxd5 Bxd5 19. Rxd5 Nf6 20. Rc5 Qb7 21. Qe2 Rfd8 22. Kh1 Ne4 23. Rb5 Qc6 24. c4 a4 25. Rb6 Qc7 26. b4 e6 27. c5 Nf6 28. Na3 Nd5 29. Nb5 Qe7 30. Rd6 Nxb4 31. Rxd8+ Rxd8 32. Nd6 Nd5 33. Bg1 Rb8 34. Qa6 Nc3 35. Nc4 h6 36. Nb6 Qc7 37. Nxa4 Nd5 38. Qc4 Rb4 39. Qa6 Nxf4 40. Nb6 Kh7 41. Na8 Qe5 42. Qc6 Rb2 43. Nb6 Rxg2 44. Qf3 g5 45. Nd7 Qd5 46. Qxd5 exd5 47. Rxf4 Rxa2 48. Rxf7 Kg6 49. Rf2 Ra1 50. Rd2 d4 51. Kg2 Ra4 52. Bf2 Rc4 53. Bg3 Kf5 54. Bd6 Ke4 55. Kf2 d3 56. Rd1 Rc2+ 57. Kf1 Ke3 58. Nb6 d2 59. Nd5+ Kf3 0-1

[Event "Leipzig VfB op 14th"]
[Site "Leipzig"]
[Date "2007.03.21"]
[Round "2"]
[White "Wolter, Uwe"]
[Black "Dehning Busse, Karsten"]
[Result "0-1"]
[WhiteElo "1361"]
[BlackElo "1854"]
[PlyCount "68"]
[EventDate "2007.03.20"]
[EventType "swiss"]
[EventRounds "9"]
[EventCountry "GER"]
[SourceTitle "EXT 2008"]
[Source "ChessBase"]
[SourceDate "2007.11.25"]
[SourceVersion "1"]
[SourceVersionDate "2007.11.25"]
[SourceQuality "1"]

1. c4 Nf6 2. Nc3 g6 3. Nf3 Bg7 4. g3 0-0 5. Bg2 c6 6. 0-0 d6 7. d4 Qc7 8. e4 Nbd7 9. Re1 e5 10. d5 c5 11. Qd3 Nb6 12. h3 Qe7 13. b3 h6 14. Bd2 Nh5 15. Nh2 Nf6 16. Ne2 Nh7 17. Nf3 f5 18. Nc3 Qf7 19. Kh2 Bd7 20. Rab1 a5 21. a4 Nc8 22. Re2 b6 23. Rf1 Ne7 24. h4 Rad8 25. Ng1 fxe4 26. Nxe4 Bf5 27. Nh3 Bg4 28. f3 Bf5 29. Ref2 Kh8 30. f4 Nf6 31. Re1 Ng4+ 32. Kg1 Nxf2 33. Nhxf2 Bxe4 34. Bxe4 Nf5 0-1

[Event "Leipzig VfB op 13th"]
[Site "Leipzig"]
[Date "2006.03.18"]
[Round "8"]
[White "Dehning Busse, Karsten"]
[Black "Ziese, Gerhard"]
[Result "0-1"]
[WhiteElo "1848"]
[BlackElo "2087"]
[PlyCount "112"]
[EventDate "2006.03.14"]
[EventType "swiss"]
[EventRounds "9"]
[EventCountry "GER"]
[SourceTitle "EXT 2008"]
[Source "ChessBase"]
[SourceDate "2007.11.25"]
[SourceVersion "1"]
[SourceVersionDate "2007.11.25"]
[SourceQuality "1"]

1. d4 Nf6 2. Nc3 c5 3. e3 e6 4. Nf3 d5 5. Bb5+ Bd7 6. Bxd7+ Nbxd7 7. 0-0 a6 8. Ne2 Bd6 9. c3 0-0 10. Ng3 Qc7 11. Ne1 Ne4 12. f4 Ndf6 13. Nxe4 Nxe4 14. Nf3 Kh8 15. Nd2 f5 16. Nxe4 fxe4 17. Qe2 Rf6 18. g3 Raf8 19. Bd2 Qf7 20. Rf2 Be7 21. Raf1 Kg8 22. Rg2 g5 23. Rff2 Qg6 24. fxg5 Rf3 25. Qd1 Bxg5 26. Qe1 Qh6 27. Re2 c4 28. Rgf2 b5 29. a3 R8f5 30. Rg2 Kf8 31. Rgf2 Ke7 32. Rg2 Kd7 33. Rgf2 Kc6 34. Rg2 Kb6 35. Rgf2 Ka5 36. Bc1 Qf8 37. Qf1 Rxf2 38. Rxf2 Rxf2 39. Qxf2 Qxf2+ 40. Kxf2 Ka4 41. Ke2 Kb3 42. Kd1 a5 43. g4 Be7 44. h3 h6 45. Kd2 b4 46. axb4 axb4 47. cxb4 Bxb4+ 48. Kd1 Ba5 49. h4 Bd8 50. h5 Ba5 51. g5 hxg5 52. h6 Bd8 53. h7 Bf6 54. Bd2 Kxb2 55. Bb4 g4 56. Be7 Bh8 0-1

[Event "Dortmund op-B"]
[Site "Dortmund"]
[Date "2004.07.31"]
[Round "9"]
[White "Dehning Busse, Karsten"]
[Black "Ziemek, Gerhard"]
[Result "0-1"]
[WhiteElo "1649"]
[BlackElo "1737"]
[PlyCount "90"]
[EventDate "2004.07.??"]
[EventType "swiss"]
[EventRounds "9"]
[EventCountry "GER"]
[SourceTitle "EXT 2006"]
[Source "ChessBase"]
[SourceDate "2005.11.24"]
[SourceVersion "1"]
[SourceVersionDate "2005.11.24"]
[SourceQuality "1"]

1. d4 d5 2. Nc3 Nf6 3. Bg5 e6 4. e4 dxe4 5. Nxe4 Nbd7 6. Nf3 Be7 7. Bxf6 Nxf6 8. Bd3 a6 9. Qd2 b6 10. Ne5 Bb7 11. Nxf6+ Bxf6 12. f4 Bh4+ 13. Kd1 Qd5 14. c3 0-0 15. Nf3 Be7 16. Rf1 Rad8 17. Re1 c5 18. Be4 Qd7 19. Bxb7 Qxb7 20. Re2 cxd4 21. cxd4 Bf6 22. Ke1 Qd5 23. Rd1 Qxa2 24. Ne5 Rd5 25. Re3 Qa4 26. Ra3 Qb5 27. Rc3 Rd6 28. Qf2 Rfd8 29. g4 h6 30. h4 Bxe5 31. fxe5 Rxd4 32. Rxd4 Qxe5+ 33. Qe2 Qxd4 34. Qxa6 Qg1+ 35. Ke2 Qxg4+ 36. Ke3 Qg3+ 37. Ke2 Qg2+ 38. Ke3 Qd2+ 39. Kf3 Rd5 40. Qxb6 Rf5+ 41. Kg3 Qe1+ 42. Kg2 Qxh4 43. Rg3 Qe4+ 44. Kg1 Qb1+ 45. Kg2 Qf1+ 0-1

[Event "Dortmund op-B"]
[Site "Dortmund"]
[Date "2004.07.28"]
[Round "6"]
[White "Buchwald, Dominik"]
[Black "Dehning Busse, Karsten"]
[Result "1/2-1/2"]
[WhiteElo "1538"]
[BlackElo "1649"]
[PlyCount "41"]
[EventDate "2004.07.??"]
[EventType "swiss"]
[EventRounds "9"]
[EventCountry "GER"]
[SourceTitle "EXT 2006"]
[Source "ChessBase"]
[SourceDate "2005.11.24"]
[SourceVersion "1"]
[SourceVersionDate "2005.11.24"]
[SourceQuality "1"]

1. d4 g6 2. c4 Bg7 3. Nc3 d6 4. e4 Nf6 5. Nf3 0-0 6. Be2 Nbd7 7. 0-0 c6 8. Bg5 h6 9. Bc1 e5 10. d5 c5 11. Ne1 g5 12. Nc2 Re8 13. Ne3 Nf8 14. Nf5 Bxf5 15. exf5 Qd7 16. Bg4 Nxg4 17. Qxg4 Nh7 18. Ne4 Nf6 19. Nxf6+ Bxf6 20. Re1 Bg7 21. Bd2 1/2-1/2

[Event "Leipzig VfB op 11th"]
[Site "Leipzig"]
[Date "2004.03.18"]
[Round "4"]
[White "Friesse, Bernhard"]
[Black "Dehning Busse, Karsten"]
[Result "1-0"]
[WhiteElo "2055"]
[BlackElo "1667"]
[PlyCount "81"]
[EventDate "2004.03.16"]
[EventType "swiss"]
[EventRounds "9"]
[EventCountry "GER"]
[SourceTitle "EXT 2007"]
[Source "ChessBase"]
[SourceDate "2006.11.23"]
[SourceVersion "1"]
[SourceVersionDate "2006.11.23"]
[SourceQuality "1"]

1. d4 d6 2. e4 Nf6 3. Nc3 g6 4. Nf3 Bg7 5. Be2 0-0 6. 0-0 c6 7. a4 Qc7 8. h3 e5 9. dxe5 dxe5 10. Be3 b6 11. Bc4 Ba6 12. Qe2 Bxc4 13. Qxc4 Qe7 14. Rfd1 c5 15. Bg5 Nc6 16. Nd5 Qe6 17. Nxf6+ Bxf6 18. Qxe6 fxe6 19. Bxf6 Rxf6 20. c3 h6 21. Rd6 Rc8 22. Rad1 Kf8 23. Rd7 Rf7 24. R7d6 Rf6 25. Kf1 Rc7 26. Rxc6 Rxc6 27. Nxe5 Rc7 28. Nd7+ Ke7 29. Nxf6 Kxf6 30. Ke2 Ke5 31. Ke3 g5 32. g3 Rf7 33. Rf1 h5 34. f4+ gxf4+ 35. gxf4+ Kf6 36. Rg1 e5 37. f5 Rg7 38. Rxg7 Kxg7 39. Kd3 Kf6 40. Kc4 a6 41. Kd5 1-0